Causes and solutions of radiation pollution problems; Методология проектирования молодежного научно-инновационного пространства для российской энергетики

Podrobná bibliografie
Parent link:Методология проектирования молодежного научно-инновационного пространства для российской энергетики.— 2013.— [С. 43-47]
Hlavní autor: Gafarova V. V.
Shrnutí:Заглавие с экрана
The arnicle deals with «Causes and solutions of pollution from radiation», it tells about different sources of radiation pollution. It draws our attention to the properties of each source and their effects on people and environment. The article consists of three logical parts. The first part tells about ionizing radiation. The paper gives a detailed analysis of this physical process. The second part is devoted to the explanation of different sources of radiation pollution. The third part of the article tells about environmental effects of radiation.
Jazyk:angličtina
Vydáno: 2013
Edice:Nuclear technologies as integral part of engineering sciencein the modern world
Témata:
On-line přístup:http://www.lib.tpu.ru/fulltext/c/2013/C07/009.pdf
Médium: Elektronický zdroj Kapitola
KOHA link:https://koha.lib.tpu.ru/cgi-bin/koha/opac-detail.pl?biblionumber=241681

MARC

LEADER 00000naa2a2200000 4500
001 241681
005 20251217111522.0
035 |a (RuTPU)RU\TPU\book\262967 
035 |a RU\TPU\book\262966 
090 |a 241681 
100 |a 20130816d2013 k y0rusy50 ba 
101 0 |a eng 
102 |a RU 
135 |a drcn ---uucaa 
200 1 |a Causes and solutions of radiation pollution problems  |f V. V. Gafarova 
215 |a 1 файл(293 Кб) 
225 1 |a Nuclear technologies as integral part of engineering sciencein the modern world 
300 |a Заглавие с экрана 
320 |a [Библиогр.: с. 47 (7 назв.)] 
330 |a The arnicle deals with «Causes and solutions of pollution from radiation», it tells about different sources of radiation pollution. It draws our attention to the properties of each source and their effects on people and environment. The article consists of three logical parts. The first part tells about ionizing radiation. The paper gives a detailed analysis of this physical process. The second part is devoted to the explanation of different sources of radiation pollution. The third part of the article tells about environmental effects of radiation. 
337 |a Adobe Reader 
463 1 |0 (RuTPU)RU\TPU\book\258133  |t Методология проектирования молодежного научно-инновационного пространства для российской энергетики  |l Strategy design of youth science and innovation environment for modern engineer training  |o сборник научных трудов Международной молодежной научной школы, г. Томск, 27 - 29 марта 2013 г.  |f Национальный исследовательский Томский политехнический университет (ТПУ)  |v [С. 43-47]  |d 2013 
610 1 |a электронный ресурс 
610 1 |a труды учёных ТПУ 
700 1 |a Gafarova  |b V. V. 
801 1 |a RU  |b 63413507  |c 20101016 
801 2 |a RU  |b 63413507  |c 20220328  |g RCR 
856 4 |u http://www.lib.tpu.ru/fulltext/c/2013/C07/009.pdf 
942 |c CF